| 000 | 00608nam a2200253Ia 4500 | ||
|---|---|---|---|
| 008 | 170203s9999 xx 000 0 und d | ||
| 020 | _a1589253566 | ||
| 050 | _aFic | ||
| 050 | _b.b718a 1998 | ||
| 100 | _aBonning, Tony | ||
| 245 | _aAnother Fine Mess / | ||
| 245 | _cby Tony Bonning ; illustrated by Sally Hobson. | ||
| 260 | _bLittle Tiger Press | ||
| 260 | _c1998 | ||
| 300 | _a32 pages : | ||
| 300 | _billustrations : | ||
| 300 | _c27 cm. | ||
| 650 | _aAnimals-- | ||
| 650 | _aCleanliness-- | ||
| 650 | _aFoxes-- | ||
| 650 | _xFiction. | ||
| 650 | _xFiction. | ||
| 650 | _xFiction. | ||
| 999 |
_c305994 _d305994 |
||